| 000 | 00668nas a22001937a 4500 | ||
|---|---|---|---|
| 005 | 20140708130334.0 | ||
| 006 | a|||||r|||| 00| 0 | ||
| 007 | ta | ||
| 008 | 140708b xxu||||| |||| 00| 0 eng d | ||
| 245 |
_aSourcing hardware : _bfor a complete building products business / _cedited by Deepak Gupta |
||
| 260 |
_aNew Delhi _bBarcecorp Publications _c2014- |
||
| 300 |
_av. _c28 cm (Pbk) |
||
| 310 | _aBi-monthly | ||
| 362 | _aVol 17 issue 101 Jan-Feb 2014 | ||
| 700 | _aGupta, Deepak, ed. | ||
| 856 | _uwww.sourcingharware.net | ||
| 270 |
_aC-2/6, Safdarjung Development area, _dNew Delhi _e110016 _k011-26961841, 26862826 _minfo@bracecorp.net |
||
| 942 |
_2ddc _cSR _s1 |
||
| 999 |
_c86596 _d86596 |
||